000 00511nam a2200181Ia 4500
003 OSt
005 20260105162114.0
008 210210b xxu||||| |||| 00| 0 eng d
040 _cAL
041 _aKannada
082 _a859/1580
100 _aRAMARAV SAMETANA HALLI
_9155942
_dರಾಮರಾವ್ ಸಮೇತನ ಹಳ್ಳಿ
245 _aElemareya hu:
_bಎಲೆಮರೆಯ ಹೂ
260 _aBengaluru
_bSahitya Mandira
690 _aKannada Fiction
_9155943
906 _a022307
942 _2ddc
_cBK
999 _c146607
_d146607